Hidráulica de Canales
| Main Author: | |
|---|---|
| Format: | Section = Libro |
| Language: | Undetermined Spanish |
| Published: |
Lima
Ediciones A. N
1981
|
| Subjects: |
| LEADER | 00552nam a2200193Ia 4500 | ||
|---|---|---|---|
| 008 | 241007s9999||||xx |||||||||||||| ||und|| | ||
| 040 | |a BIBLIOTECA-RURC/ 627.13 V759 | ||
| 041 | |a spa | ||
| 082 | |a 627.13 V759 | ||
| 100 | 1 | |a Villón B., Máximo | |
| 245 | 1 | 0 | |a Hidráulica de Canales |
| 260 | |a Lima |b Ediciones A. N |c 1981 | ||
| 300 | |a 487 p. :il. | ||
| 650 | 7 | |a SECCIONES TRANSVERSALES | |
| 650 | 7 | |b ELEMENTOS GEOMETRICOS DE LA SECCIÓN TRANSVERSAL DE UN CANAL | |
| 650 | 7 | |c TIPOS DE FLUJOS EN CANALES | |
| 942 | |c BK |2 ddc | ||
| 991 | |a TEXTO | ||
| 999 | |c 14497 | ||